[Event "4NCL 2011-12"]
[Site "Hinkley ENG"]
[Date "2012.03.31"]
[Round "7.21"]
[White "Spence, David J"]
[Black "Bates, Richard A"]
[Result "0-1"]
[BlackTitle "IM"]
[WhiteElo "2211"]
[BlackElo "2386"]
[WhiteTeam "Anglian Avengers"]
[BlackTeam "Blackthorne Russia"]
[WhiteFideId "407429"]
[BlackFideId "403555"]
[EventDate "2011.11.12"]

1. e4 c5 2. c3 e6 3. d4 d5 4. exd5 exd5 5. Nf3 Nf6 6. Bb5+ Bd7 7. Qe2+ Be7 8.
Ne5 O-O 9. Bxd7 Nbxd7 10. O-O Re8 11. Be3 Bf8 12. f4 Ne4 13. Nd2 cxd4 14. Bxd4
f6 15. Nxd7 Nxc3 16. Qg4 Ne2+ 17. Kh1 Nxd4 18. Nxf8 Rxf8 19. Nf3 Nxf3 20. Rxf3
f5 21. Qh3 Qf6 22. Rb3 b6 23. Rd1 Rad8 24. Qd3 d4 25. Rb5 Qe6 26. Rb4 Rfe8 27.
h3 Qxa2 28. Rxd4 Rxd4 29. Qxd4 h6 30. Kh2 Qf7 31. Rd3 Kh7 32. Rg3 Re4 33. Qd6
Re6 34. Qd3 Qf6 35. Qd5 Re4 36. Rf3 Rb4 37. b3 a5 38. Re3 Rd4 39. Qf3 Qh4 40. g3
Qf6 41. Re2 Qd6 42. Qc3 Qd5 43. Qb2 Rd1 44. Rg2 Rd3 45. b4 a4 46. Qf2 b5 47. h4
Rf3 48. Qe2 Rb3 49. Qe8 Rxb4 50. h5 Re4 51. Qg6+ Kg8 52. Qa6 Qf7 53. g4 Rxf4 54.
Qxb5 Rxg4 0-1

[Event "4NCL 2011-12"]
[Site "Hinkley ENG"]
[Date "2012.03.31"]
[Round "7.22"]
[White "Hunt, Harriet V"]
[Black "Talsma, Paul"]
[Result "1/2-1/2"]
[WhiteTitle "IM"]
[WhiteElo "2454"]
[BlackElo "2246"]
[WhiteTeam "Blackthorne Russia"]
[BlackTeam "Anglian Avengers"]
[WhiteFideId "403512"]
[BlackFideId "1018779"]
[EventDate "2011.11.12"]

1. e4 e5 2. Nf3 Nc6 3. Bb5 a6 4. Ba4 Nf6 5. O-O Nxe4 6. d4 b5 7. Bb3 d5 8. dxe5
Be6 9. Nbd2 Nc5 10. c3 Bf5 11. Nd4 Nxd4 12. cxd4 Ne6 13. Nf3 Be7 14. Be3 O-O 15.
h3 Qd7 16. Rc1 Rfd8 17. Qe2 a5 18. a3 a4 19. Ba2 Rab8 20. Rfd1 b4 21. axb4 Rxb4
22. Rd2 Rdb8 23. Ne1 Qb5 24. Qxb5 R4xb5 25. g4 Be4 26. f3 Bg6 27. f4 Be4 28. Nd3
g6 29. Nf2 Rxb2 30. Nxe4 dxe4 31. Rdc2 Ba3 32. d5 Rxa2 33. Rxa2 Bxc1 34. Bxc1
Rb1 35. dxe6 Rxc1+ 36. Kf2 fxe6 37. Rxa4 Rc3 38. Rxe4 Rd3 39. Rc4 Rd7 40. Rc6
Re7 41. Ke3 Kf7 42. Ke4 Ke8 43. f5 Kd7 44. Ra6 gxf5+ 45. gxf5 exf5+ 46. Kxf5
Rf7+ 47. Ke4 c6 1/2-1/2

[Event "4NCL 2011-12"]
[Site "Hinkley ENG"]
[Date "2012.03.31"]
[Round "7.23"]
[White "Merry, Alan B"]
[Black "Ansell, Simon T"]
[Result "1-0"]
[BlackTitle "IM"]
[WhiteElo "2100"]
[BlackElo "2389"]
[WhiteTeam "Anglian Avengers"]
[BlackTeam "Blackthorne Russia"]
[WhiteFideId "418811"]
[BlackFideId "402141"]
[EventDate "2011.11.12"]

1. e4 c5 2. Nf3 Nc6 3. Bb5 e6 4. Bxc6 bxc6 5. d3 Qc7 6. O-O Ne7 7. Ng5 h6 8. Nh3
g6 9. f4 Bg7 10. c4 d6 11. Nc3 Bd4+ 12. Kh1 f5 13. Qe1 O-O 14. Qh4 Kg7 15. Bd2
Ng8 16. Ng1 Rb8 17. b3 Qd8 18. Qxd8 Rxd8 19. Nf3 e5 20. Rae1 exf4 21. Nxd4 cxd4
22. Ne2 fxe4 23. Nxd4 Rb7 24. Nxc6 Rf8 25. Rxe4 g5 26. Bc3+ Kg6 27. Rd4 Rd7 28.
Re1 Kh5 29. Bb4 Rf6 30. Re8 Bb7 31. Na5 f3 32. gxf3 Bxf3+ 33. Kg1 Ne7 34. Rxd6
Rfxd6 35. Bxd6 Nf5 36. c5 Nxd6 37. cxd6 Rxd6 38. Re3 Bd5 39. Nc4 Ra6 40. a4 Kg6
41. Re5 Bf7 42. a5 Kf6 43. d4 Re6 44. Kf2 Rxe5 45. dxe5+ Ke6 46. Nd6 Bg8 47. Nb5
Kxe5 48. b4 a6 49. Nc7 Bc4 50. b5 Kd6 51. b6 Kc6 52. Kf3 h5 53. Ke4 g4 54. Kf4
Be2 55. Ne6 Bc4 56. Nd4+ Kd6 57. Nf5+ Kc6 58. Kg5 Bf7 59. b7 Kc7 60. Nd6 Bb3 61.
Kxh5 Bd1 62. Kg5 Be2 63. Kf4 Bf3 64. h4 1-0

[Event "4NCL 2011-12"]
[Site "Hinkley ENG"]
[Date "2012.03.31"]
[Round "7.24"]
[White "Duncan, Chris R"]
[Black "Player, Edmund C"]
[Result "1/2-1/2"]
[WhiteTitle "FM"]
[WhiteElo "2315"]
[BlackElo "2199"]
[WhiteTeam "Blackthorne Russia"]
[BlackTeam "Anglian Avengers"]
[WhiteFideId "403091"]
[BlackFideId "406520"]
[EventDate "2011.11.12"]

1. Nf3 b6 2. g3 e6 3. c4 Bb7 4. Bg2 f5 5. Nc3 Nf6 6. O-O Bb4 7. Qc2 O-O 8. a3
Bxc3 9. Qxc3 Qe7 10. b4 d6 11. d3 Nbd7 12. Bb2 a5 13. Qb3 e5 14. e4 fxe4 15. Ng5
h6 16. Nxe4 Nxe4 17. dxe4 Qe6 18. Qd3 Ra7 19. f3 Rfa8 20. Rfc1 axb4 21. axb4 Ra4
22. Rxa4 Rxa4 23. Qb3 Ra7 24. Bf1 Kh8 25. Bc3 Qg8 26. Bh3 Nf6 27. Bb2 Bc6 28.
Qc3 Bd7 29. Bf1 Qb8 30. Bd3 Be6 31. f4 Nd7 32. Qd2 Qa8 33. Bb1 Ra4 34. Bc2 Ra2
35. Bb3 Ra7 36. Qd3 Qc6 37. Rf1 Ra8 38. Ra1 Rxa1+ 39. Bxa1 b5 40. fxe5 Nxe5 41.
Bxe5 dxe5 42. cxb5 Qc1+ 43. Kf2 Qb2+ 44. Bc2 Qxb4 45. Bd1 Bc4 46. Qd7 Qb2+ 47.
Kf3 Qc3+ 48. Kg4 Qd4 49. Qc8+ Kh7 50. Bf3 Qd6 51. Qe8 Qe6+ 52. Qxe6 Bxe6+ 53.
Kh4 Bc4 54. Kg4 Kg6 55. Bd1 Bxb5 56. Bc2 Kf6 57. Kf3 Be8 58. Ke3 Ke6 59. h4 Bh5
60. Kd3 Kd6 61. Kc3 Kc5 62. Bd3 Bf3 63. Bc2 Be2 64. Kd2 Bf1 65. Kc3 Kb5 66. Kb3
c5 67. Kc3 c4 68. Bd1 Bg2 69. Be2 Bxe4 70. Bxc4+ Kc5 71. Bf7 Bf5 72. Bg8 Be4 73.
Be6 Bd5 74. Bf5 Kd6 75. Kd2 Ke7 76. Ke3 Kf6 77. Bd3 Be6 78. Be4 Bf5 79. Bf3 g5
80. hxg5+ Kxg5 81. Be2 Bg6 82. Bd1 Bh5 83. Bb3 Bg4 84. Bc4 Bf5 85. Be2 Bc2 86.
Bf3 Kf5 87. Be2 Bb1 88. Bf3 Kg5 89. Be2 Bg6 90. Bd1 Bh5 91. Bb3 Bg4 92. Bc4 Bd7
93. Be2 Bc6 94. Bd1 Bg2 95. Be2 Bc6 96. Bd1 Be8 97. Be2 Bh5 98. Bc4 Bd1 99. Be6
Bc2 100. Kf3 Bf5 1/2-1/2

[Event "4NCL 2011-12"]
[Site "Hinkley ENG"]
[Date "2012.03.31"]
[Round "7.25"]
[White "Munson, Shaun D"]
[Black "Webb, Laurence E"]
[Result "0-1"]
[BlackTitle "FM"]
[WhiteElo "2201"]
[BlackElo "2283"]
[WhiteTeam "Anglian Avengers"]
[BlackTeam "Blackthorne Russia"]
[WhiteFideId "412511"]
[BlackFideId "402389"]
[EventDate "2011.11.12"]

1. d4 Nf6 2. Bg5 e6 3. e3 c5 4. c3 Nc6 5. Nf3 cxd4 6. exd4 Be7 7. Bd3 d6 8. O-O
O-O 9. Re1 Nd5 10. Bxe7 Qxe7 11. Nbd2 Nf4 12. Bf1 e5 13. Nc4 Bg4 14. d5 Nb8 15.
h3 Bc8 16. Kh2 Nd7 17. g3 Ng6 18. Qd2 Nb6 19. Nxb6 axb6 20. Qg5 Qc7 21. Qe3 f5
22. Nd2 f4 23. Qe2 Bf5 24. Bg2 Qc5 25. Nb3 Qc7 26. Nd2 Rae8 27. Ne4 Bxe4 28.
Bxe4 Rf6 29. Rg1 Ref8 30. Rgf1 Qc5 31. Bf3 fxg3+ 32. fxg3 e4 33. Qxe4 Ne5 34.
Bg2 Qb5 35. Rxf6 Rxf6 36. b3 Rf2 37. c4 Qa5 38. Qe3 Rxa2 39. Rd1 Qc5 40. Re1
Qxe3 41. Rxe3 Kf7 42. g4 g5 43. Kg3 h6 44. Be4 Ke7 45. Bf5 Rd2 46. h4 Kf6 47.
hxg5+ Kxg5 48. Be4 Rd1 49. Re2 Rg1+ 50. Bg2 Rb1 51. Re3 Nxg4 52. Rc3 h5 53. Bh3
Rg1+ 54. Kf3 h4 55. Ke2 Ne5 56. Bc8 Rg3 57. Rxg3+ hxg3 58. Bxb7 Kf4 59. Bc8 Nf3
60. Kf1 Nd2+ 61. Ke2 Nxb3 62. Bh3 Nd4+ 63. Kd3 Nf3 64. Kc3 Ke3 65. Kb4 Kf2 66.
Kb5 Ng5 67. Kxb6 Nxh3 0-1

[Event "4NCL 2011-12"]
[Site "Hinkley ENG"]
[Date "2012.03.31"]
[Round "7.26"]
[White "Eames, Robert S"]
[Black "Gregory, Stephen J"]
[Result "1-0"]
[WhiteTitle "FM"]
[WhiteElo "2241"]
[BlackElo "2124"]
[WhiteTeam "Blackthorne Russia"]
[BlackTeam "Anglian Avengers"]
[WhiteFideId "408743"]
[BlackFideId "410837"]
[EventDate "2011.11.12"]

1. e4 d6 2. d4 Nf6 3. Nc3 g6 4. f4 Bg7 5. Nf3 c5 6. dxc5 Qa5 7. Qd4 O-O 8. cxd6
exd6 9. Bd2 Nc6 10. Qxd6 Rd8 11. Qa3 Qxa3 12. bxa3 Nxe4 13. Nxe4 Bxa1 14. Bc4
Nd4 15. c3 Nxf3+ 16. gxf3 b5 17. Bd5 Rb8 18. Ke2 Bb2 19. Rb1 Bxa3 20. Be3 Be6
21. Bxe6 fxe6 22. Bxa7 Rb7 23. Bd4 Be7 24. a4 b4 25. a5 Ra8 26. c4 Rxa5 27. c5
Ra2+ 28. Kd3 Rxh2 29. Be5 Rd7+ 30. Bd6 Kf7 31. Rxb4 Bxd6 32. cxd6 h6 33. Rb6 Rh5
34. Rc6 Rf5 35. Ke3 Ke8 36. Rc8+ Rd8 37. Rc7 Rf7 38. Rc6 Ra7 39. Kd4 Kd7 40. Rb6
Ke8 41. Ke5 Kf7 42. Nc5 h5 43. Rb5 h4 44. Ne4 Rad7 45. Rb1 Kg7 46. Rh1 Rh8 47.
Kxe6 Rf7 48. d7 Rxf4 49. Ng5 Rd4 50. Ke7 Rxd7+ 51. Kxd7 Kf6 52. Nh3 g5 53. Rg1
Rg8 54. Rg4 Ke5 55. f4+ 1-0

[Event "4NCL 2011-12"]
[Site "Hinkley ENG"]
[Date "2012.03.31"]
[Round "7.27"]
[White "Gray, Mark S"]
[Black "Ledger, Dave J"]
[Result "1/2-1/2"]
[BlackTitle "FM"]
[WhiteElo "2090"]
[BlackElo "2228"]
[WhiteTeam "Anglian Avengers"]
[BlackTeam "Blackthorne Russia"]
[WhiteFideId "414964"]
[BlackFideId "401986"]
[EventDate "2011.11.12"]

1. e4 e5 2. Nf3 Nc6 3. d4 exd4 4. Bc4 Bc5 5. c3 Nf6 6. e5 d5 7. Bb5 Ne4 8. cxd4
Bb6 9. Nc3 O-O 10. Be3 f6 11. Qb3 Nxc3 12. bxc3 Bg4 13. Bxc6 bxc6 14. exf6 Qxf6
15. Ne5 Bf5 16. O-O Rae8 17. Qa4 c5 18. dxc5 Qxe5 19. cxb6 axb6 20. Qd4 Qxd4 21.
cxd4 Bd3 22. Rfc1 Bc4 23. a4 Ra8 24. Bd2 Ra6 25. Ra3 Rfa8 26. Rca1 Re8 27. a5
Re2 28. Bb4 Rb2 29. axb6 Rxb6 30. Be1 Rb1 31. h3 R6b3 32. Ra8+ Kf7 33. Kh2 Ke6
34. Bd2 Rxa1 35. Rxa1 Rd3 36. Be3 c5 37. dxc5 d4 38. Bf4 h6 39. c6 Kf5 40. c7
Be6 41. Bd6 g6 42. Ra5+ Kf6 43. Rc5 Bc8 44. Be5+ Ke6 45. Bg7 Rd2 46. Kg3 h5 47.
Rc6+ Kf7 48. Bh6 Rd3+ 49. f3 Rc3 50. Rd6 Rxc7 51. Rxd4 Be6 52. Rf4+ Bf5 53. Kh4
Ke6 54. g4 hxg4 55. hxg4 Bd3 56. Bg5 Rf7 57. Kg3 Rxf4 58. Kxf4 Bc2 59. Bd8 Bb1
60. Kg5 Bc2 61. f4 Bb1 62. f5+ gxf5 63. gxf5+ 1/2-1/2

[Event "4NCL 2011-12"]
[Site "Hinkley ENG"]
[Date "2012.03.31"]
[Round "7.31"]
[White "Franklin, Samuel G A"]
[Black "Conquest, Stuart C"]
[Result "1/2-1/2"]
[BlackTitle "GM"]
[WhiteElo "2179"]
[BlackElo "2521"]
[WhiteTeam "Barbican 4NCL 2"]
[BlackTeam "Guildford 1"]
[WhiteFideId "468576"]
[BlackFideId "400181"]
[EventDate "2011.11.12"]

1. e4 g6 2. d4 Bg7 3. Nc3 c6 4. f4 d5 5. e5 Qb6 6. Be2 Nh6 7. Nf3 Bg4 8. Na4 Qc7
9. Be3 Nd7 10. O-O f6 11. b3 O-O 12. c4 dxc4 13. Bxc4+ Kh8 14. Be2 Rad8 15. Qc2
Nf5 16. Bf2 Bh6 17. g3 Ng7 18. Qc3 Nb6 19. Nxb6 axb6 20. Rfd1 Rd5 21. Bc4 Rd7
22. Bf1 Qd8 23. Bg2 Ne6 24. exf6 exf6 25. Rd2 Bg7 26. Re1 Nc7 27. h3 Bxf3 28.
Bxf3 f5 29. Qc4 h5 30. h4 Rf6 31. Rde2 Rfd6 32. d5 cxd5 33. Qd3 Qf6 34. Re5 Qf7
35. R5e2 Ne6 36. Qc2 Rc7 37. Qd1 Nc5 38. Bd4 Kh7 39. Be5 Bxe5 40. fxe5 Rd8 41.
e6 Qe7 42. Re5 Ne4 43. Qd4 Rc6 44. Rxd5 Rxd5 45. Qxd5 Rd6 46. Qc4 Rxe6 47. Kg2
Re5 48. Qd4 b5 49. Qb6 Rc5 50. Re2 Rc3 51. Bxe4 fxe4 52. Qxb5 Qd6 53. Qg5 e3 54.
Qf4 Qe6 55. Kf3 Qc6+ 56. Qe4 Qf6+ 57. Qf4 Qc6+ 1/2-1/2

[Event "4NCL 2011-12"]
[Site "Hinkley ENG"]
[Date "2012.03.31"]
[Round "7.32"]
[White "Smerdon, David"]
[Black "Morrison, Graham SCO"]
[Result "1/2-1/2"]
[WhiteTitle "GM"]
[BlackTitle "FM"]
[WhiteElo "2513"]
[BlackElo "2339"]
[WhiteTeam "Guildford 1"]
[BlackTeam "Barbican 4NCL"]
[WhiteFideId "3202305"]
[BlackFideId "2400090"]
[EventDate "2011.11.12"]

1. d4 Nf6 2. e3 g6 3. Bd3 Bg7 4. f4 d6 5. Nf3 Nc6 6. Bc4 Bg4 7. O-O O-O 8. Nbd2
e5 9. h3 Bxf3 10. Nxf3 Qe7 11. Re1 Nd7 12. a4 Nb6 13. Bb3 a5 14. c3 Rae8 15. Bd2
e4 16. Nh2 d5 17. Qe2 Qe6 18. Rec1 Rd8 19. Be1 Kh8 20. g4 Rfe8 21. Kg2 Bf8 22.
Bh4 Be7 23. Bg3 f5 24. h4 h5 25. gxh5 gxh5 26. Rg1 Qf7 27. Kh1 Rd6 28. Rg2 Rg8
29. Rag1 Rh6 30. Be1 Rxg2 31. Rxg2 Na7 32. Nf1 Nac8 33. Qb5 Nd6 34. Qxa5 Rg6 35.
Bxd5 Nxd5 36. Rxg6 Qxg6 37. Qxd5 Kh7 38. Nh2 Qe8 39. Qe6 Qd8 40. Kg2 Bxh4 41.
Bxh4 Qxh4 42. Qd7+ Kg6 43. Qxc7 Ne8 44. Qc4 Qe1 45. Qf1 Qxe3 46. Qf2 Qc1 47. Nf1
Nf6 48. Qd2 Qa1 49. d5 Qxa4 50. d6 e3 51. Qxe3 Qc6+ 52. Kh3 1/2-1/2

[Event "4NCL 2011-12"]
[Site "Hinkley ENG"]
[Date "2012.03.31"]
[Round "7.33"]
[White "Buchicchio, Giampaolo"]
[Black "Zhou, Yang-Fan"]
[Result "1-0"]
[WhiteTitle "FM"]
[BlackTitle "IM"]
[WhiteElo "2300"]
[BlackElo "2436"]
[WhiteTeam "Barbican 4NCL 2"]
[BlackTeam "Guildford"]
[WhiteFideId "811491"]
[BlackFideId "468584"]
[EventDate "2011.11.12"]

1. e4 c5 2. c3 Nf6 3. e5 Nd5 4. d4 cxd4 5. cxd4 d6 6. Nf3 Nc6 7. Bc4 Nb6 8. Bb5
Bd7 9. Nc3 dxe5 10. dxe5 g6 11. a4 a6 12. Be2 Be6 13. Qc2 Bg7 14. O-O O-O 15.
Qe4 Bf5 16. Qh4 Nxe5 17. Rd1 Nbd7 18. Nxe5 Bxe5 19. Bg5 Bf6 20. Bxf6 exf6 21.
Bf3 Rb8 22. Qh6 Re8 23. Rd4 Qe7 24. h3 Qf8 25. Qh4 Kg7 26. Bg4 Bxg4 27. hxg4 Ne5
28. Rad1 Re6 29. Nd5 Nc6 30. R4d3 Rbe8 31. Rh3 Re1+ 32. Kh2 Qd6+ 33. f4 h5 34.
Rxe1 Rxe1 35. Qxe1 Qxd5 36. gxh5 Qf5 37. hxg6 Qxf4+ 38. Qg3 Qxg3+ 39. Rxg3 fxg6
40. Rd3 b5 41. Rd7+ Kh6 42. Rd6 Ne5 43. Rxa6 bxa4 44. Rxa4 1-0

[Event "4NCL 2011-12"]
[Site "Hinkley ENG"]
[Date "2012.03.31"]
[Round "7.34"]
[White "Kosten, Anthony C."]
[Black "Griffiths, Ryan Rhys"]
[Result "1/2-1/2"]
[WhiteTitle "GM"]
[BlackTitle "FM"]
[WhiteElo "2498"]
[BlackElo "2310"]
[WhiteTeam "Guildford 1"]
[BlackTeam "Barbican 4NCL 2"]
[WhiteFideId "400114"]
[BlackFideId "2502054"]
[EventDate "2011.11.12"]

1. c4 Nf6 2. Nc3 d5 3. cxd5 Nxd5 4. g3 g6 5. Bg2 Nb6 6. d3 Bg7 7. Be3 Nc6 8. Nf3
O-O 9. O-O e5 10. a4 a5 11. Bxb6 cxb6 12. Nd2 Re8 13. Nc4 Bf8 14. Rc1 Be6 15. b3
f6 16. Nb5 Rb8 17. e3 Bf5 18. d4 exd4 19. exd4 Nb4 20. Rc3 Bd7 21. Nbd6 Bxd6 22.
Nxd6 Bg4 23. Qxg4 Qxd6 24. Rd1 Re7 25. Rc8+ Kg7 26. Rxb8 Qxb8 27. h4 h5 28. Qf3
Qc8 29. d5 Qg4 30. Qxg4 hxg4 31. d6 Rd7 32. f3 gxf3 33. Bh3 f5 34. g4 Kf6 35.
gxf5 gxf5 36. Kf2 Nc6 37. Kxf3 Ke5 38. Re1+ Kf6 39. Rd1 Ke5 40. Re1+ 1/2-1/2

[Event "4NCL 2011-12"]
[Site "Hinkley ENG"]
[Date "2012.03.31"]
[Round "7.35"]
[White "Chapman, Terry P D"]
[Black "Cherniaev, Alexander"]
[Result "1/2-1/2"]
[BlackTitle "GM"]
[WhiteElo "2253"]
[BlackElo "2469"]
[WhiteTeam "Barbican 4NCL 2"]
[BlackTeam "Guildford 1"]
[WhiteFideId "413399"]
[BlackFideId "4117301"]
[EventDate "2011.11.12"]

1. Nf3 Nf6 2. c4 d6 3. d4 g6 4. g3 Bg7 5. Bg2 O-O 6. O-O Nbd7 7. Nc3 a6 8. Rb1
e5 9. e4 b5 10. cxb5 axb5 11. b4 Ba6 12. Re1 Re8 13. d5 Nb6 14. Bf1 Qd7 15. a4
Nxa4 16. Nxa4 bxa4 17. b5 Bb7 18. Ra1 Qe7 19. Rxa4 Nd7 20. Rxa8 Rxa8 21. Qc2 Nb6
22. Nd2 Rf8 23. Nc4 Nxc4 24. Qxc4 f5 25. f3 fxe4 26. fxe4 Qf7 27. Qc2 Bc8 28.
Bg2 Bd7 29. Rf1 Qe8 30. Rxf8+ Bxf8 31. Qxc7 1/2-1/2

[Event "4NCL 2011-12"]
[Site "Hinkley ENG"]
[Date "2012.03.31"]
[Round "7.36"]
[White "Buckley, Graeme N"]
[Black "Coleman, David J"]
[Result "1-0"]
[WhiteTitle "IM"]
[BlackTitle "CM"]
[WhiteElo "2383"]
[BlackElo "2244"]
[WhiteTeam "Guildford"]
[BlackTeam "Barbican 4NCL 2"]
[WhiteFideId "402265"]
[BlackFideId "402087"]
[EventDate "2011.11.12"]

1. d4 Nf6 2. Nf3 g6 3. Bg5 Bg7 4. Nbd2 O-O 5. c3 d5 6. e3 Nbd7 7. h3 c6 8. Be2
Re8 9. Bf4 Nf8 10. c4 dxc4 11. Bxc4 Be6 12. Rc1 Qa5 13. O-O Nd5 14. Bg3 Nb6 15.
Bb3 Bxb3 16. Qxb3 Nfd7 17. Nc4 Nxc4 18. Rxc4 Nb6 19. Rc5 Qa4 20. Qxa4 Nxa4 21.
Rc2 a5 22. Rb1 Ra7 23. e4 e6 24. Bf4 Bf8 25. Be3 Ra6 26. Ne5 Rd8 27. a3 f6 28.
Nf3 Nb6 29. b4 axb4 30. axb4 Nc8 31. e5 fxe5 32. dxe5 Na7 33. Bxa7 Rxa7 34. b5
c5 35. Ng5 b6 36. Nxe6 Re8 37. Nxf8 Kxf8 38. f4 Ra4 39. Rf2 Rea8 40. Kh2 Ke7 41.
Kg3 Rd4 42. Kg4 Kf7 43. Rbb2 Kg7 44. Rbd2 Raa4 45. Rxd4 Rxd4 46. Ra2 Rd7 47. Ra6
Rb7 48. Kf3 c4 49. Ra3 Rc7 50. Rc3 h5 51. g4 hxg4+ 52. hxg4 Rc5 53. Ke4 Kh6 54.
f5 gxf5+ 55. gxf5 Kg5 56. Rg3+ Kh4 57. Rg1 1-0

[Event "4NCL 2011-12"]
[Site "Hinkley ENG"]
[Date "2012.03.31"]
[Round "7.37"]
[White "Dorrington, Chris J"]
[Black "Suarez Real, Alberto"]
[Result "0-1"]
[BlackTitle "FM"]
[WhiteElo "2307"]
[BlackElo "2387"]
[WhiteTeam "Barbican 4NCL 2"]
[BlackTeam "Guildford"]
[WhiteFideId "410462"]
[BlackFideId "2218534"]
[EventDate "2011.11.12"]

1. d4 Nf6 2. Nf3 g6 3. c4 Bg7 4. Nc3 O-O 5. e4 d6 6. Be2 e5 7. O-O Nc6 8. d5 Ne7
9. b4 Nh5 10. Re1 a5 11. bxa5 f5 12. Nd2 Nf6 13. Ba3 b6 14. Bb4 c5 15. dxc6 Nxc6
16. Ba3 Rxa5 17. Nb5 Nd4 18. Bb4 fxe4 19. a4 Bh6 20. Nf1 Nxe2+ 21. Qxe2 Ng4 22.
Qxe4 Nxf2 23. Qd5+ Rf7 24. Rxe5 Bg7 25. Rae1 Bxe5 26. Rxe5 Ng4 27. Re1 Qf6 28.
Re8+ Kg7 29. Qf3 Rxb5 30. Qxf6+ Nxf6 31. Bc3 Bd7 32. Rd8 Rb1 33. g4 g5 34. Kf2
Kg6 0-1

[Event "4NCL 2011-12"]
[Site "Hinkley ENG"]
[Date "2012.03.31"]
[Round "7.38"]
[White "Lalic, Susan K"]
[Black "Bhatia, Kanwal K"]
[Result "0-1"]
[WhiteTitle "IM"]
[BlackTitle "WFM"]
[WhiteElo "2279"]
[BlackElo "2087"]
[WhiteTeam "Guildford"]
[BlackTeam "Barbican 4NCL"]
[WhiteFideId "401510"]
[BlackFideId "407496"]
[EventDate "2011.11.12"]

1. e4 e5 2. Nf3 Nc6 3. d4 exd4 4. Nxd4 Bc5 5. Nb3 Bb6 6. Qe2 d6 7. Be3 Nf6 8.
Nc3 O-O 9. O-O-O Bxe3+ 10. Qxe3 Re8 11. f3 a5 12. Bb5 Bd7 13. g4 a4 14. Bxa4 Ne5
15. Bxd7 Nfxd7 16. Kb1 Nb6 17. f4 Nec4 18. Qg3 Qb8 19. Nc1 Na4 20. Nxa4 Rxa4 21.
Rhe1 Qa7 22. Qb3 Qa5 23. c3 b5 24. Rd5 c6 25. Rd4 c5 26. Rd5 Qa8 27. Qd1 b4 28.
cxb4 Rxb4 29. b3 Na3+ 30. Kb2 Nb5 31. Qd2 Rbxe4 32. Rxe4 Rxe4 33. Qd3 Qa3+ 34.
Kb1 Re1 35. Qc2 Nd4 36. Qd3 Rxc1# 0-1

[Event "4NCL 2011-12"]
[Site "Hinkley ENG"]
[Date "2012.03.31"]
[Round "7.41"]
[White "Mestel, A Jonathan"]
[Black "Slavin, Alexei"]
[Result "0-1"]
[WhiteTitle "GM"]
[BlackTitle "IM"]
[WhiteElo "2477"]
[BlackElo "2400"]
[WhiteTeam "The AD's"]
[BlackTeam "e2e4.org.uk"]
[WhiteFideId "400122"]
[BlackFideId "24104388"]
[EventDate "2011.11.12"]

1. c4 c5 2. Nf3 g6 3. e4 Bg7 4. d4 cxd4 5. Nxd4 Nc6 6. Be3 Nf6 7. Nc3 O-O 8. Be2
d6 9. O-O Bd7 10. Qd2 Nxd4 11. Bxd4 Bc6 12. f3 a5 13. b3 Nd7 14. Be3 Nc5 15.
Rab1 e6 16. Rfd1 Be5 17. Qe1 Qf6 18. Nb5 Bxb5 19. cxb5 Rfd8 20. Bc4 g5 21. b6 g4
22. Qe2 Kh8 23. Kh1 Qh4 24. f4 g3 25. h3 Bxf4 26. Rf1 Bxe3 27. Qxe3 Qxe4 28. Qd2
Qg6 29. Rbe1 Qg7 30. Qe3 Rg8 31. Rf3 Rac8 32. Bd3 f5 33. Bb1 Rc6 34. Ref1 Rxb6
35. Bxf5 exf5 36. Rxf5 Rb4 37. Rf7 Re4 38. Qc1 Qg5 39. Qc3+ Qe5 40. Qf3 Re1 0-1

[Event "4NCL 2011-12"]
[Site "Hinkley ENG"]
[Date "2012.03.31"]
[Round "7.42"]
[White "Ghasi, Ameet K"]
[Black "Cernousek, Lukas"]
[Result "1/2-1/2"]
[WhiteTitle "FM"]
[BlackTitle "IM"]
[WhiteElo "2400"]
[BlackElo "2438"]
[WhiteTeam "e2e4.org.uk"]
[BlackTeam "The AD's"]
[WhiteFideId "409200"]
[BlackFideId "311707"]
[EventDate "2011.11.12"]

1. Nf3 Nf6 2. g3 g6 3. Bg2 Bg7 4. O-O d5 5. d4 O-O 6. Nbd2 c5 7. dxc5 Qc7 8. c4
Rd8 9. cxd5 Nxd5 10. Qc2 Na6 11. Ne4 Bf5 12. Nh4 Bxe4 13. Bxe4 Qxc5 14. Qb3 Qd4
15. Bg2 Nc5 16. Qa3 Rac8 17. Bxd5 Rxd5 18. Qxa7 Qa4 19. Qxa4 Nxa4 20. Nf3 Rc2
21. e4 Rd7 22. e5 Nxb2 23. Bxb2 Rxb2 24. Rfb1 Re2 25. Re1 Rxe1+ 26. Rxe1 e6 27.
Rb1 Bf8 28. Ng5 Be7 29. Ne4 Rd4 30. f3 Rb4 31. Rc1 b6 32. Rc7 Bc5+ 33. Nxc5 bxc5
34. Rxc5 Rb1+ 35. Kg2 Rb2+ 36. Kh3 Rxa2 37. g4 g5 38. Kg3 Kg7 39. h4 h6 40. Rc4
Re2 41. Rc5 Kg6 1/2-1/2

[Event "4NCL 2011-12"]
[Site "Hinkley ENG"]
[Date "2012.03.31"]
[Round "7.43"]
[White "Jirka, Jiri"]
[Black "Fernandez, Daniel Howard"]
[Result "1-0"]
[WhiteTitle "IM"]
[BlackTitle "IM"]
[WhiteElo "2415"]
[BlackElo "2344"]
[WhiteTeam "The AD's"]
[BlackTeam "e2e4.org.uk"]
[WhiteFideId "311731"]
[BlackFideId "5801605"]
[EventDate "2011.11.12"]

1. d4 b5 2. e4 Bb7 3. Bd3 e6 4. Qe2 b4 5. Nf3 a5 6. O-O Ne7 7. c4 Ng6 8. Be3 Be7
9. Nbd2 O-O 10. Rfe1 d6 11. d5 e5 12. a3 c5 13. g3 Nd7 14. h4 Nf6 15. Nh2 Re8
16. h5 Nf8 17. f4 exf4 18. gxf4 g6 19. hxg6 Nxg6 20. Kh1 Kh8 21. Rg1 Rg8 22.
Ndf3 Nh5 23. Qd2 Bf6 24. e5 Bh4 25. Bxg6 Rxg6 26. Rxg6 hxg6 27. Nxh4 Qxh4 28.
exd6 Ng3+ 29. Kg1 Ne4 30. Qg2 Nxd6 31. Bxc5 Nxc4 32. Bd4+ Kg8 33. Ng4 Bxd5 34.
Nf6+ Qxf6 35. Qxd5 Rd8 36. Bxf6 Rxd5 37. axb4 Rf5 38. Bc3 a4 39. b3 Nd6 40. bxa4
Rxf4 41. a5 Nb5 42. Be1 g5 43. a6 Re4 44. Kf1 Rf4+ 45. Ke2 Re4+ 46. Kd1 Na7 47.
Bf2 Rf4 48. Ke2 Nb5 49. Bc5 Kh7 50. a7 Nxa7 51. Rxa7 Kg6 52. b5 Rc4 53. Rc7 Rc2+
54. Kd3 Rb2 55. b6 g4 56. Bd4 Rb1 57. Rc2 Rd1+ 58. Rd2 Re1 59. b7 Re8 60. Rb2
Rb8 61. Be5 Rd8+ 62. Ke3 1-0

[Event "4NCL 2011-12"]
[Site "Hinkley ENG"]
[Date "2012.03.31"]
[Round "7.44"]
[White "Kilpatrick, Callum"]
[Black "Richardson, John R"]
[Result "1-0"]
[BlackTitle "FM"]
[WhiteElo "2315"]
[BlackElo "2331"]
[WhiteTeam "e2e4.org.uk"]
[BlackTeam "The AD's"]
[WhiteFideId "414425"]
[BlackFideId "401617"]
[EventDate "2011.11.12"]

1. e4 c6 2. Nc3 d5 3. Nf3 Bg4 4. h3 Bxf3 5. Qxf3 e6 6. Be2 Nf6 7. O-O dxe4 8.
Nxe4 Nxe4 9. Qxe4 Nd7 10. d4 Nf6 11. Qd3 Bd6 12. Bf3 Qc7 13. Bg5 O-O 14. c4 Rad8
15. Rfd1 Bh2+ 16. Kh1 Bf4 17. Bxf6 gxf6 18. b4 Rd7 19. g3 Bh6 20. Qb3 Qb6 21. c5
Qc7 22. b5 f5 23. bxc6 bxc6 24. Qa4 Rc8 25. Rab1 Bg7 26. Kg2 Bf6 27. Rb4 Kg7 28.
Rdb1 Rcd8 29. Qxc6 Bxd4 30. Qxc7 Rxc7 31. c6 Bb6 32. g4 fxg4 33. hxg4 Kg6 34.
R1b2 Kf6 35. a4 Rd4 36. Rxd4 Bxd4 37. Rb5 Be5 38. Be4 h6 39. Kf3 Bd4 40. Ke2 Ke7
41. f4 Kd6 42. Kd3 Bf6 43. Rh5 Bg7 44. Kc4 Rc8 45. Rb5 Bf6 46. Ra5 Rc7 47. Rh5
Bg7 48. Rh1 Bb2 49. Kb5 Ke7 50. Kc4 Kd6 51. Bf3 Ke7 52. Kd3 Ba3 53. Be4 Bd6 54.
Ke3 Bc5+ 55. Ke2 Bd6 56. Kf3 f5 57. gxf5 exf5 58. Bd5 Bc5 59. Rxh6 Rc8 60. Rh7+
Kf6 61. a5 Be7 62. Rf7+ 1-0